Fleuves et l'evolution des peuples (Record no. 64195)

MARC details
000 -LEADER
campo de control de longitud fija 00846nam a2200205 i 4500
001 - NÚMERO DE CONTROL
campo de control 64195
003 - IDENTIFICADOR DE NÚMERO DE CONTROL
campo de control ES-MaACL
005 - FECHA Y HORA DE LA ÚLTIMA TRANSACCIÓN
campo de control 20230906165051.0
007 - CAMPO FIJO DE DESCRIPCIÓN FÍSICA--INFORMACIÓN GENERAL
campo de control de longitud fija t|
008 - DATOS DE LONGITUD FIJA--INFORMACIÓN GENERAL
campo de control de longitud fija 031222s1950 fr ||||1| fre d
245 00 - MENCIÓN DEL TÍTULO
Título Fleuves et l'evolution des peuples
Resto del título : Europa Orientale, Baltique-Mer Noire /
Mención de responsabilidad, etc. avec la collaboration de Pierre George ... [et al.].
250 ## - MENCION DE EDICION
Mención de edición [1eme ed.].
260 ## - PUBLICACIÓN, DISTRIBUCIÓN, ETC.
Lugar de publicación, distribución, etc. Paris :
Nombre del editor, distribuidor, etc. Presses Universitaires de France,
Fecha de publicación, distribución, etc. 1950 (
Fabricante Imp. Gen. du Centre)
300 ## - DESCRIPCIÓN FÍSICA
Extensión 103 p., 3 lám. :
Otras características físicas il. ;
Dimensiones 25 cm.
500 ## - NOTA GENERAL
Nota general Precede al tít.: Centre International de Synthése. Institut International d'Archeocivilisation.
700 1# - ENTRADA AGREGADA--NOMBRE PERSONAL
Nombre de persona George, Pierre.
9 (RLIN) 56386
710 2# - ENTRADA AGREGADA--NOMBRE DE ENTIDAD CORPORATIVA
Nombre de entidad corporativa o nombre de jurisdicción como elemento de entrada Centre International de Synthese (Paris)
9 (RLIN) 2557
710 2# - ENTRADA AGREGADA--NOMBRE DE ENTIDAD CORPORATIVA
Nombre de entidad corporativa o nombre de jurisdicción como elemento de entrada Institut International d'Archeocivilisation (
Sede del congreso/Lugar de la reunión Roma)
9 (RLIN) 4761
852 ## - LOCALIZACIÓN
Ubicación ES-MaACL
Número de control de estantería 1932-F-7
Sublocalización o colección R.31649
Holdings
Estatus retirado Estado de pérdida Estado de daño No para préstamo Colección Biblioteca de origen Biblioteca actual Ubicación en estantería Fecha de adquisición Fuente de adquisición Total de préstamos Signatura topográfica completa Código de barras Visto por última vez Precio de reemplazo Tipo de ítem Koha
        Colección de folletos Biblioteca del Ateneo de Madrid Biblioteca del Ateneo de Madrid Depósito folletos 17/01/2008     1932-F-7 1067273 23/02/2023 23/02/2023 Folleto